[Event "ARM-ch (Women) 79th"]
[Site "Yerevan"]
[Date "2024.01.15"]
[Round "4"]
[White "Khachatryan, Anna"]
[Black "Gevorgyan, Maria"]
[Result "1-0"]
[WhiteElo "2022"]
[BlackElo "2272"]
[PlyCount "81"]
[EventDate "2024.01.12"]
[EventType "tourn"]
[EventRounds "9"]
[EventCountry "ARM"]
[SourceTitle "CB09_2024"]
[SourceDate "2024.02.28"]
[SourceVersion "1"]
[SourceVersionDate "2024.02.28"]
[SourceQuality "1"]

1. d4 d5 2. c4 e6 3. cxd5 exd5 4. Nc3 Nf6 5. Bg5 Be7 6. e3 c6 7. Bd3 0-0 8. Qc2 h6 9. Bh4 Re8 10. Nge2 Nbd7 11. 0-0 Ne4 12. Bxe7 Qxe7 13. Rae1 Ndf6 14. f3 Ng5 15. Ng3 c5 16. dxc5 Qxc5 17. Nb5 Ne6 18. Qxc5 Nxc5 19. Bc2 Rd8 20. Rc1 Bd7 21. Nd4 Rac8 22. Rfd1 g6 23. Kf2 Rc7 24. Nge2 Kg7 25. b4 Ne6 26. Bb3 Rdc8 27. Rxc7 Rxc7 28. Rd2 a5 29. bxa5 Rc5 30. Rc2 Rxa5 31. Nxe6+ fxe6 32. Rc7 b6 33. Rb7 Ra6 34. Nf4 Kf7 35. Nd3 Ke7 36. Nb4 Ra8 37. Rxb6 Kd8 38. Ra6 Rc8 39. Nd3 Ne8 40. Ne5 Nc7 41. Rd6 1-0

[Event "ARM-ch (Women) 79th"]
[Site "Yerevan"]
[Date "2024.01.14"]
[Round "3"]
[White "Gasparyan, Milena"]
[Black "Khachatryan, Anna"]
[Result "1-0"]
[WhiteElo "1802"]
[BlackElo "2022"]
[PlyCount "129"]
[EventDate "2024.01.12"]
[EventType "tourn"]
[EventRounds "9"]
[EventCountry "ARM"]
[SourceTitle "CB09_2024"]
[SourceDate "2024.02.28"]
[SourceVersion "1"]
[SourceVersionDate "2024.02.28"]
[SourceQuality "1"]

1. e4 c5 2. Nf3 d6 3. d4 cxd4 4. Nxd4 Nf6 5. Nc3 a6 6. Bg5 Nbd7 7. Bd3 Qa5 8. Be3 g6 9. 0-0 Bg7 10. h3 0-0 11. Qd2 Qc7 12. Bh6 Ne5 13. Bxg7 Kxg7 14. f4 Qc5 15. Qf2 Nc6 16. Nce2 Nxd4 17. Nxd4 e5 18. fxe5 Qxe5 19. c3 Be6 20. Rae1 Nd7 21. b3 Rac8 22. c4 Kg8 23. Kh1 Qc5 24. Rd1 Rce8 25. Bb1 Rd8 26. Qh4 Rfe8 27. Nf5 Bxf5 28. exf5 Qe5 29. Rd5 Qe2 30. Bd3 Qe7 31. Qxe7 Rxe7 32. Rxd6 Ree8 33. fxg6 hxg6 34. Rd1 Nc5 35. Rxd8 Rxd8 36. Be2 Rc8 37. Bf3 a5 38. Rd6 a4 39. b4 Ne6 40. c5 Rc7 41. Rb6 Nd8 42. Rb5 Kf8 43. Ra5 Ke7 44. Rxa4 Kd7 45. Ra3 Rc8 46. Rd3+ Kc7 47. Bd5 Ra8 48. Rf3 f5 49. Rg3 Ra6 50. Bc4 Rf6 51. b5 f4 52. Rd3 Rf5 53. Bd5 Re5 54. Kg1 Re2 55. b6+ Kc8 56. Bf3 Re8 57. Rd6 g5 58. Rg6 Nf7 59. Rg7 Nd8 60. Rxg5 Re1+ 61. Kf2 Re3 62. Bg4+ Kb8 63. Rg8 Rd3 64. h4 f3 65. gxf3 1-0

[Event "ARM-ch (Women) 79th"]
[Site "Yerevan"]
[Date "2024.01.12"]
[Round "1"]
[White "Gaboyan, Susanna"]
[Black "Khachatryan, Anna"]
[Result "1/2-1/2"]
[WhiteElo "2179"]
[BlackElo "2022"]
[PlyCount "92"]
[EventDate "2024.01.12"]
[EventType "tourn"]
[EventRounds "9"]
[EventCountry "ARM"]
[SourceTitle "CB09_2024"]
[SourceDate "2024.02.28"]
[SourceVersion "1"]
[SourceVersionDate "2024.02.28"]
[SourceQuality "1"]

1. e4 c5 2. d4 cxd4 3. Qxd4 Nc6 4. Qe3 Nf6 5. Nc3 d5 6. exd5 Nb4 7. Bb5+ Bd7 8. Qe2 Nfxd5 9. Nxd5 Nxd5 10. c3 e6 11. Nf3 Bxb5 12. Qxb5+ Qd7 13. Qxd7+ Kxd7 14. Ne5+ Ke8 15. 0-0 Bd6 16. Nd3 Rc8 17. Bd2 Ke7 18. Rfe1 Rhd8 19. Rad1 Rd7 20. Bg5+ f6 21. Bc1 b5 22. Re4 Rc4 23. Rde1 Rxe4 24. Rxe4 Nb6 25. h3 Bc7 26. Rd4 Rxd4 27. cxd4 Nd5 28. Kf1 Bb6 29. Be3 Kd6 30. Ke2 Ne7 31. Nf4 Nc6 32. Nh5 Bxd4 33. Bxd4 Nxd4+ 34. Kd3 Nc6 35. Kc3 a5 36. Nxg7 Ke7 37. b3 Kf7 38. Nh5 e5 39. Ng3 Nb4 40. a4 Nd5+ 41. Kd2 bxa4 42. bxa4 Nb6 43. Ne4 Nxa4 44. Nd6+ Ke6 45. Nb7 Kd5 46. Nxa5 Nc5 1/2-1/2

[Event "Titled Tuesday intern op 14th Nov Early"]
[Site "Chess.com INT"]
[Date "2023.11.14"]
[Round "1"]
[White "Khachatryan, Anna"]
[Black "Goncharov, Vladimir"]
[Result "0-1"]
[WhiteElo "2039"]
[BlackElo "2077"]
[PlyCount "44"]
[EventDate "2023.11.14"]
[EventType "swiss (blitz)"]
[EventRounds "11"]
[EventCountry "USA"]
[SourceTitle "CB47_2023"]
[SourceDate "2023.11.22"]
[SourceVersion "1"]
[SourceVersionDate "2023.11.22"]
[SourceQuality "1"]

1. d4 Nf6 2. c4 e6 3. Nf3 Bb4+ 4. Bd2 Be7 5. g3 0-0 6. Bg2 d5 7. 0-0 c6 8. Qc2 b6 9. Bf4 Bb7 10. Ne5 Nfd7 11. Nd2 Nxe5 12. Bxe5 Nd7 13. Bf4 Rc8 14. Rac1 Nf6 15. Rfd1 c5 16. dxc5 Bxc5 17. h3 Qe7 18. Qb3 Rfd8 19. Bg5 h6 20. Be3 d4 21. Bf4 Bxg2 22. Kxg2 e5 0-1

[Event "ARM-ch (Women) 78th"]
[Site "Yerevan"]
[Date "2023.01.20"]
[Round "8"]
[White "Khachatryan, Anna"]
[Black "Kobak, Polina"]
[Result "1/2-1/2"]
[WhiteElo "2031"]
[BlackElo "1733"]
[PlyCount "105"]
[EventDate "2023.01.13"]
[EventType "tourn"]
[EventRounds "9"]
[EventCountry "ARM"]
[SourceTitle "CBM 212 Extra"]
[Source "ChessBase"]
[SourceDate "2023.03.31"]
[SourceVersion "1"]
[SourceVersionDate "2023.03.31"]
[SourceQuality "1"]

1. c4 e5 2. Nc3 Bb4 3. Nd5 Be7 4. g3 Nf6 5. Nxf6+ Bxf6 6. Bg2 0-0 7. d3 a5 8. Nf3 c6 9. 0-0 d5 10. Qc2 Na6 11. Be3 Bf5 12. cxd5 cxd5 13. Rfc1 h6 14. Qb3 Qd7 15. a4 Rfe8 16. Bb6 Nb4 17. Bxa5 Nxd3 18. Rc7 Qd6 19. exd3 Rxa5 20. Rxb7 Qa6 21. Ne1 e4 22. dxe4 Bxe4 23. Rb8 Qe6 24. Bxe4 Qxe4 25. Rxe8+ Qxe8 26. Nd3 Qe4 27. Qc2 h5 28. Re1 Qc4 29. Re8+ Kh7 30. Qd1 g6 31. b3 Qc6 32. Qe2 h4 33. Nf4 Rc5 34. Rf8 Rc1+ 35. Kg2 d4+ 36. Kh3 Qd7+ 37. Qg4 Qe7 38. Rc8 Rxc8 39. Qxc8 Qe1 40. Qc2 Qf1+ 41. Kg4 Be5 42. Nd3 f5+ 43. Kf3 Bd6 44. Nb2 h3 45. Qc4 Qg2+ 46. Ke2 Qxh2 47. Qf7+ Kh6 48. Qf6 Bxg3 49. Qh8+ Kg5 50. Qd8+ Kh5 51. Qh8+ Kg5 52. Qd8+ Kh5 53. Qh8+ 1/2-1/2

[Event "ARM-ch (Women) 78th"]
[Site "Yerevan"]
[Date "2023.01.19"]
[Round "7"]
[White "Yedigaryan, Asya"]
[Black "Khachatryan, Anna"]
[Result "0-1"]
[WhiteElo "1859"]
[BlackElo "2031"]
[PlyCount "126"]
[EventDate "2023.01.13"]
[EventType "tourn"]
[EventRounds "9"]
[EventCountry "ARM"]
[SourceTitle "CBM 212 Extra"]
[Source "ChessBase"]
[SourceDate "2023.03.31"]
[SourceVersion "1"]
[SourceVersionDate "2023.03.31"]
[SourceQuality "1"]

1. e4 c5 2. Nf3 Nc6 3. c3 Nf6 4. e5 Nd5 5. d4 cxd4 6. cxd4 e6 7. Nc3 Nxc3 8. bxc3 d6 9. exd6 Bxd6 10. Bd3 b6 11. 0-0 Bb7 12. Re1 Kf8 13. Ng5 h6 14. Qh5 Qd7 15. Ne4 Be7 16. Be3 Kg8 17. f4 g6 18. Qe2 Kg7 19. Rad1 Rhd8 20. Bb1 Rac8 21. c4 f5 22. Ng3 Bf6 23. d5 exd5 24. Rxd5 Qf7 25. Red1 Na5 26. Rxd8 Rxd8 27. Rxd8 Bxd8 28. Bd3 Bf6 29. c5 bxc5 30. Bxc5 Bd5 31. a3 Nb3 32. Bf2 Qc7 33. Be3 Nd4 34. Qd2 Qe7 35. Bf1 Nb3 36. Qd3 Qb7 37. Bf2 a5 38. Qb5 Qf7 39. h3 h5 40. a4 h4 41. Ne2 Bc4 42. Qb6 Nd2 43. Qa7 Qxa7 44. Bxa7 Bb3 45. Bb6 Nc4 46. Nc1 Nxb6 47. Nxb3 Bc3 48. Bb5 Nd5 49. Kf2 Nxf4 50. Bc6 Kf6 51. Ke3 Ke5 52. Nc1 Bd4+ 53. Kf3 g5 54. Bd7 Bb6 55. Ne2 Nd3 56. Nc3 Nc5 57. Be8 Nb3 58. Ke2 Nc5 59. Kf3 Ne6 60. Nb5 Bg1 61. Bc6 Nc5 62. Nc3 Nb3 63. Bd7 Nd4# 0-1

[Event "ARM-ch (Women) 78th"]
[Site "Yerevan"]
[Date "2023.01.18"]
[Round "6"]
[White "Khachatryan, Anna"]
[Black "Hayrapetyan, Nvard"]
[Result "1-0"]
[WhiteElo "2031"]
[BlackElo "1543"]
[PlyCount "83"]
[EventDate "2023.01.13"]
[EventType "tourn"]
[EventRounds "9"]
[EventCountry "ARM"]
[SourceTitle "CBM 212 Extra"]
[Source "ChessBase"]
[SourceDate "2023.03.31"]
[SourceVersion "1"]
[SourceVersionDate "2023.03.31"]
[SourceQuality "1"]

1. d4 d5 2. Nf3 e6 3. Bf4 c5 4. e3 Nc6 5. Nbd2 Qb6 6. dxc5 Qxb2 7. Rb1 Qc3 8. Bb5 Qxc5 9. Ne5 Nf6 10. 0-0 Be7 11. c4 0-0 12. Nb3 Qb6 13. Bxc6 bxc6 14. Nd4 Qc5 15. Ndxc6 Ba6 16. Qa4 Bxc4 17. Rfc1 Rfc8 18. Nxe7+ Qxe7 19. Nxc4 dxc4 20. Rxc4 Nd5 21. Be5 Nb6 22. Rxc8+ Rxc8 23. Qg4 f6 24. Bd4 Nd5 25. h3 a6 26. Kh2 g6 27. e4 f5 28. Qg3 Nb4 29. Qe5 Rc4 30. Qh8+ Kf7 31. Qxh7+ Ke8 32. Qh8+ Kd7 33. Bf6 Qd6+ 34. Be5 Qe7 35. Bf6 Qd6+ 36. Be5 Qe7 37. Rd1+ Kc6 38. a3 Kb5 39. axb4 Rxe4 40. Qb8+ Ka4 41. Bd6 Qh4 42. Rd3 1-0

[Event "Cheliabinsk Panchenko Memorial op-B"]
[Site "Cheliabinsk"]
[Date "2022.09.17"]
[Round "6"]
[White "Baranova, Elizaveta"]
[Black "Khachatryan, Anna"]
[Result "1/2-1/2"]
[WhiteElo "1829"]
[BlackElo "2105"]
[PlyCount "169"]
[EventDate "2022.09.12"]
[EventType "swiss"]
[EventRounds "10"]
[EventCountry "RUS"]
[SourceTitle "CBM 210 Extra"]
[Source "ChessBase"]
[SourceDate "2022.11.30"]
[SourceVersion "1"]
[SourceVersionDate "2022.11.30"]
[SourceQuality "1"]

1. e4 c5 2. Nf3 Nc6 3. Bb5 g6 4. 0-0 Bg7 5. Re1 Nf6 6. e5 Nd5 7. Nc3 Nc7 8. Bxc6 dxc6 9. d3 0-0 10. Ne4 b6 11. Be3 Bg4 12. h3 Bxf3 13. Qxf3 Bxe5 14. Bh6 Bg7 15. Bxg7 Kxg7 16. h4 Qd5 17. Qg3 Ne6 18. Ng5 Nd4 19. c4 Qd6 20. Qxd6 exd6 21. Re7 h6 22. Ne4 Nf5 23. Rc7 d5 24. Nc3 Rfc8 25. Rd7 Rd8 26. Rc7 dxc4 27. dxc4 Rd4 28. b3 Nxh4 29. Rxc6 Rad8 30. Nd5 Rd7 31. Rc8 Nf5 32. Re1 Nd6 33. Ra8 b5 34. Rg8+ Kxg8 35. Nf6+ Kg7 36. Nxd7 bxc4 37. Nxc5 Rd5 38. Na4 Rd2 39. Nc3 Rc2 40. Ne4 Nf5 41. bxc4 Rxc4 42. Re2 g5 43. f3 Kg6 44. Kf2 h5 45. Rd2 Rc6 46. Ke2 g4 47. Kf2 f6 48. Rb2 Ra6 49. Rc2 Nd4 50. Rd2 Nb5 51. Nc5 Ra3 52. Nb3 gxf3 53. gxf3 Nc3 54. Nc1 Ra4 55. Rc2 Nd5 56. Rd2 Nf4 57. Nb3 Nh3+ 58. Kg3 Ng5 59. Rh2 Ra3 60. Rf2 a6 61. Rg2 a5 62. Rf2 a4 63. Nc5 Kf5 64. Kh4 Rc3 65. Nd7 Rc4+ 66. Kxh5 Rc7 67. Rd2 Nxf3 68. Rd6 Rc2 69. Rxf6+ Ke4 70. Kg4 Rg2+ 71. Kh3 Rxa2 72. Kg3 Nd4 73. Rf4+ Ke3 74. Rf8 a3 75. Re8+ Kd2 76. Re4 Kc3 77. Re3+ Kb4 78. Rd3 Nb5 79. Ne5 Rc2 80. Rd1 a2 81. Nd3+ Ka3 82. Kf4 Nc3 83. Ra1 Nb1 84. Ke3 Kb3 85. Rxa2 1/2-1/2

[Event "Poti op 15th"]
[Site "Poti"]
[Date "2022.07.18"]
[Round "3"]
[White "Chkhaidze, Nikoloz"]
[Black "Khachatryan, Anna"]
[Result "1-0"]
[WhiteElo "2292"]
[BlackElo "2078"]
[PlyCount "83"]
[EventDate "2022.07.16"]
[EventType "swiss"]
[EventRounds "9"]
[EventCountry "GEO"]
[SourceTitle "CBM 209 Extra"]
[Source "ChessBase"]
[SourceDate "2022.09.30"]
[SourceVersion "1"]
[SourceVersionDate "2022.09.30"]
[SourceQuality "1"]

1. d4 Nf6 2. c4 e6 3. Nf3 b6 4. g3 Bb7 5. Bg2 Be7 6. 0-0 0-0 7. Nc3 Ne4 8. Bd2 d6 9. d5 Nxc3 10. Bxc3 Bf6 11. Nd4 Bxd4 12. Qxd4 e5 13. Qd2 Nd7 14. b4 Ba6 15. Qd3 Qe7 16. Bh3 Bc8 17. Bg2 Ba6 18. a4 Rab8 19. Bh3 Bc8 20. Qc2 Qg5 21. a5 Qh5 22. Bg2 Nf6 23. axb6 axb6 24. Ra7 Bh3 25. f3 Bxg2 26. Kxg2 Rfc8 27. e4 c6 28. dxc6 Rxc6 29. Qd3 Rbc8 30. b5 Rc5 31. Bb4 Qg5 32. Bxc5 dxc5 33. Rd1 h6 34. Qd6 Nh5 35. Qe7 Nf4+ 36. Kf2 Nh3+ 37. Ke2 Qh5 38. Qd7 Rf8 39. Qg4 Nf4+ 40. gxf4 Qxh2+ 41. Ke3 Qc2 42. Rad7 1-0

[Event "Jermuk Asrian Memorial 13th"]
[Site "Jermuk"]
[Date "2022.06.08"]
[Round "2"]
[White "Gharibyan, Mamikon"]
[Black "Khachatryan, Anna"]
[Result "1-0"]
[WhiteElo "2487"]
[BlackElo "2103"]
[PlyCount "79"]
[EventDate "2022.06.07"]
[EventType "swiss"]
[EventRounds "9"]
[EventCountry "ARM"]
[SourceTitle "CBM 209 Extra"]
[Source "ChessBase"]
[SourceDate "2022.09.30"]
[SourceVersion "1"]
[SourceVersionDate "2022.09.30"]
[SourceQuality "1"]

1. c4 e5 2. g3 Nf6 3. Bg2 c6 4. Nf3 e4 5. Nd4 d5 6. cxd5 cxd5 7. Nc3 Nc6 8. Nxc6 bxc6 9. 0-0 Be7 10. d3 exd3 11. Qxd3 0-0 12. b3 Bg4 13. Bb2 Re8 14. Rac1 Bb4 15. e3 Qe7 16. Ne2 Bxe2 17. Qxe2 Rac8 18. Qa6 Bc5 19. Bxf6 gxf6 20. b4 Bb6 21. Bxd5 Qxb4 22. Bxc6 Red8 23. Qe2 Rc7 24. Rc4 Qa5 25. Rg4+ Kh8 26. Be4 Qe5 27. Qf3 Rg8 28. Rh4 Rg7 29. Bxh7 Rxh7 30. Qa8+ Kg7 31. Rg4+ Qg5 32. Rxg5+ fxg5 33. Rd1 Rh6 34. Qe4 Re6 35. Qg4 Rc5 36. Rd7 Kg6 37. h4 Rf6 38. Kg2 Re6 39. h5+ Kf6 40. Qf3+ 1-0

[Event "ARM-ch HL (Women) 77th"]
[Site "Yerevan"]
[Date "2022.01.14"]
[Round "3"]
[White "Mkrtchyan, Mariam"]
[Black "Khachatryan, Anna"]
[Result "1-0"]
[WhiteElo "2300"]
[BlackElo "2134"]
[PlyCount "111"]
[EventDate "2022.01.12"]
[EventType "tourn"]
[EventRounds "9"]
[EventCountry "ARM"]
[SourceTitle "CBM 206 Extra"]
[Source "ChessBase"]
[SourceDate "2022.03.31"]
[SourceVersion "1"]
[SourceVersionDate "2022.03.31"]
[SourceQuality "1"]

1. Nf3 d5 2. g3 c5 3. Bg2 Nf6 4. 0-0 Nc6 5. d4 cxd4 6. Nxd4 e6 7. c4 Be7 8. Nc3 0-0 9. cxd5 exd5 10. b3 Bg4 11. h3 Be6 12. Bb2 Qd7 13. Kh2 Rac8 14. e3 Rfe8 15. Nce2 Nb4 16. a3 Na6 17. b4 Nc7 18. Qd3 Qd6 19. Rad1 Red8 20. Nf4 Qd7 21. Qb3 Qe8 22. Ndxe6 fxe6 23. e4 dxe4 24. Be5 Qf7 25. Rxd8+ Bxd8 26. Rc1 Ra8 27. Bxf6 Bxf6 28. Bxe4 Re8 29. Qc2 g5 30. Bxh7+ Qxh7 31. Qxh7+ Kxh7 32. Rxc7+ Kh6 33. Ng2 Re7 34. Rxe7 Bxe7 35. Ne1 a5 36. Nd3 axb4 37. Nxb4 Kg6 38. Kg2 Kf5 39. Kf3 Bc5 40. g4+ Kf6 41. Ke2 Bf8 42. Nc2 Bc5 43. a4 Ke5 44. Ne1 Bb6 45. Ng2 Bd8 46. f4+ Ke4 47. fxg5 Bxg5 48. h4 Bf6 49. g5 Bd4 50. Ne1 Kf5 51. Nc2 Bh8 52. Kf3 Ke5 53. Ne3 Kd4 54. h5 Ke5 55. h6 b6 56. Ke2 1-0

[Event "Paracin Summer op 14th"]
[Site "Paracin"]
[Date "2021.07.13"]
[Round "6"]
[White "Granovskiy, Alexandr"]
[Black "Khachatryan, Anna"]
[Result "1-0"]
[WhiteElo "2255"]
[BlackElo "1966"]
[PlyCount "57"]
[EventDate "2021.07.09"]
[EventType "swiss"]
[EventRounds "9"]
[EventCountry "SRB"]
[SourceTitle "EXT 2022"]
[Source "ChessBase"]
[SourceDate "2021.10.06"]
[SourceVersion "1"]
[SourceVersionDate "2021.10.06"]
[SourceQuality "1"]

1. d4 Nf6 2. c4 c5 3. d5 b5 4. Qc2 bxc4 5. e4 g6 6. Bxc4 Bg7 7. Nf3 0-0 8. e5 Ng4 9. Qe4 d6 10. e6 Ne5 11. Nxe5 Bxe5 12. 0-0 Na6 13. Nd2 fxe6 14. Nf3 Nc7 15. Nxe5 dxe5 16. dxe6 Qd4 17. Qc6 Qxc4 18. Qxc7 Bxe6 19. Bh6 Rf7 20. Rad1 Bd5 21. b3 Qh4 22. Rxd5 Qxh6 23. Qxe5 Raf8 24. f3 Qh4 25. Rfd1 Rf5 26. Qe6+ Kg7 27. Rd7 R8f7 28. Re1 Rh5 29. h3 1-0

[Event "Belgrade Serbia op"]
[Site "Belgrade"]
[Date "2021.07.08"]
[Round "9"]
[White "Khachatryan, Anna"]
[Black "Kruckenhauser, Arthur"]
[Result "1/2-1/2"]
[WhiteElo "1966"]
[BlackElo "2283"]
[PlyCount "74"]
[EventDate "2021.07.02"]
[EventType "swiss"]
[EventRounds "9"]
[EventCountry "SRB"]
[SourceTitle "EXT 2022"]
[Source "ChessBase"]
[SourceDate "2021.10.06"]
[SourceVersion "1"]
[SourceVersionDate "2021.10.06"]
[SourceQuality "1"]

1. c4 e5 2. Nc3 Nc6 3. g3 Bc5 4. Bg2 a6 5. Nf3 f5 6. 0-0 Nf6 7. Nxe5 Nxe5 8. d4 Bd6 9. c5 Nf7 10. cxd6 Nxd6 11. Bg5 0-0 12. Nd5 Nde8 13. Qc2 c6 14. Nxf6+ Nxf6 15. Qxf5 d5 16. Qd3 Qe8 17. f3 Qh5 18. Bf4 Be6 19. Rae1 a5 20. Rf2 a4 21. e3 Rae8 22. Qa3 b5 23. Qd6 Bd7 24. g4 Qg6 25. Be5 Re6 26. Qc5 Bc8 27. Qc2 Qf7 28. Bf1 Nd7 29. Bg3 Qe8 30. Bd3 Rxe3 31. Bxh7+ Kh8 32. Rxe3 Qxe3 33. Bf5 Nf6 34. Bxc8 Rxc8 35. Be5 Ng8 36. Kg2 c5 37. Re2 Qg5 1/2-1/2

[Event "Belgrade Serbia op"]
[Site "Belgrade"]
[Date "2021.07.07"]
[Round "8"]
[White "Grezels, Florian"]
[Black "Khachatryan, Anna"]
[Result "0-1"]
[WhiteElo "2219"]
[BlackElo "1966"]
[PlyCount "144"]
[EventDate "2021.07.02"]
[EventType "swiss"]
[EventRounds "9"]
[EventCountry "SRB"]
[SourceTitle "EXT 2022"]
[Source "ChessBase"]
[SourceDate "2021.10.06"]
[SourceVersion "1"]
[SourceVersionDate "2021.10.06"]
[SourceQuality "1"]

1. e4 c5 2. Nf3 Nc6 3. d4 cxd4 4. Nxd4 g6 5. Nc3 Bg7 6. Be3 Nf6 7. Bc4 0-0 8. Bb3 Re8 9. f3 e6 10. f4 d6 11. Qf3 a6 12. 0-0 Nxd4 13. Bxd4 b5 14. Rad1 Bb7 15. a3 Rc8 16. g4 Rxc3 17. Bxc3 Bxe4 18. Qe3 d5 19. h3 Qa8 20. Be5 Rc8 21. c3 Qc6 22. Rd2 a5 23. Qd4 Bf8 24. Qe3 Nd7 25. Bd4 f6 26. Qf2 Bc5 27. Bc2 Bxc2 28. Rxc2 Bxd4 29. Qxd4 Qc4 30. Qe3 Qc5 31. Re2 Qxe3+ 32. Rxe3 Kf7 33. Rd1 Nb6 34. Kf2 Nc4 35. Re2 Nd6 36. Kf3 a4 37. Rd4 Rc6 38. Rd1 Rc4 39. Re3 Rc6 40. Rb1 Nc4 41. Rd3 Ke7 42. Ke2 Kd6 43. Kd1 Kc5 44. Kc2 Rc7 45. Rf1 Rb7 46. Rf2 Re7 47. Rdf3 Rd7 48. h4 Re7 49. Kc1 Rd7 50. Rh3 Rg7 51. Rg2 Kd6 52. g5 fxg5 53. hxg5 Rf7 54. Rg4 Kc6 55. Rh6 e5 56. Rgh4 exf4 57. Rxh7 Rf5 58. Rg7 Ne5 59. Rh8 Rxg5 60. Rf8 Kd6 61. Rb7 f3 62. Rb6+ Kc7 63. Rbf6 Rg2 64. Rf4 Nd3+ 65. Kb1 Nxf4 66. Rxf4 f2 67. Ka2 g5 68. Rf5 g4 69. c4 bxc4 70. Rf4 c3 71. Rf6 c2 72. Rf7+ Kd6 0-1

[Event "Belgrade Serbia op"]
[Site "Belgrade"]
[Date "2021.07.04"]
[Round "4"]
[White "Gombocz, Ferenc Jr"]
[Black "Khachatryan, Anna"]
[Result "0-1"]
[WhiteElo "2236"]
[BlackElo "1966"]
[PlyCount "66"]
[EventDate "2021.07.02"]
[EventType "swiss"]
[EventRounds "9"]
[EventCountry "SRB"]
[SourceTitle "CBM 203 Extra"]
[Source "ChessBase"]
[SourceDate "2021.09.30"]
[SourceVersion "1"]
[SourceVersionDate "2021.09.30"]
[SourceQuality "1"]

1. c4 e5 2. g3 Nf6 3. Bg2 c6 4. d4 e4 5. Nc3 d5 6. cxd5 cxd5 7. Bg5 Bb4 8. Qb3 Bxc3+ 9. bxc3 Nbd7 10. e3 0-0 11. Ne2 h6 12. Bxf6 Nxf6 13. c4 dxc4 14. Qxc4 Qa5+ 15. Qc3 Qa6 16. Qd2 Bg4 17. Ng1 Rac8 18. h3 Bd7 19. Ne2 Bb5 20. Nc3 Bd3 21. Bf1 Bxf1 22. Rxf1 Rc4 23. Rc1 Rfc8 24. Ne2 Nd5 25. Rxc4 Rxc4 26. f3 Nb4 27. Nc3 Nd3+ 28. Kd1 Rb4 29. Qc2 Rb2 30. Qa4 Rb1+ 31. Ke2 Qxa4 32. Rxb1 Qc4 33. fxe4 Nb4+ 0-1

[Event "Titled Tuesday intern op 20th Apr"]
[Site "Chess.com INT"]
[Date "2021.04.20"]
[Round "9"]
[White "Khachatryan, Anna"]
[Black "Cagara, Paulina"]
[Result "1-0"]
[WhiteElo "2024"]
[BlackElo "2027"]
[PlyCount "119"]
[EventDate "2021.04.20"]
[EventType "swiss (blitz)"]
[EventRounds "11"]
[EventCountry "USA"]
[SourceTitle "CBM 202 Extra"]
[Source "ChessBase"]
[SourceDate "2021.07.31"]
[SourceVersion "1"]
[SourceVersionDate "2021.07.31"]
[SourceQuality "1"]

1. d4 f5 2. g3 Nf6 3. Bg2 g6 4. Nf3 d6 5. 0-0 Bg7 6. c4 0-0 7. b3 Qe8 8. Bb2 Nc6 9. d5 Nd8 10. Nbd2 a5 11. Qc2 Nf7 12. Nd4 h6 13. Nb5 Qd8 14. a3 Bd7 15. Nd4 Ne5 16. b4 axb4 17. axb4 Rxa1 18. Rxa1 Qb8 19. e3 c6 20. dxc6 bxc6 21. b5 cxb5 22. cxb5 Rc8 23. Qb3+ Kh7 24. b6 d5 25. N2f3 Nc4 26. Ba3 e5 27. Nc2 Nxa3 28. Nxa3 Bc6 29. Rb1 Qb7 30. Nxe5 Ne4 31. Nf3 Ra8 32. Nc2 Ba4 33. Qd3 Rc8 34. Ncd4 Rc3 35. Qe2 Ra3 36. h4 Nc3 37. Qb2 Nxb1 38. Qxb1 Bd7 39. Qb4 Ra1+ 40. Kh2 Be8 41. Qd6 Rb1 42. h5 Rxb6 43. hxg6+ Bxg6 44. Qd8 Qb8 45. Qd7 Rb7 46. Qxd5 h5 47. Nxf5 Bxf5 48. Qxf5+ Kh8 49. Qxh5+ Kg8 50. Ng5 Qd6 51. Bxb7 Qf6 52. Qh7+ Kf8 53. Qh5 Ke7 54. Bg2 Bh6 55. Nf3 Qg7 56. Nd4 Kd7 57. Qd5+ Kc7 58. Qc6+ Kd8 59. Ne6+ Ke7 60. Nxg7 1-0